|
|
|
|
| LEADER |
01260nam a2200301 a 4500 |
| 001 |
1523605 |
| 008 |
140821s1990 enk b 001 0 eng |
| 010 |
|
|
|a 90002464
|
| 020 |
|
|
|a 9780521328692 (hard)
|
| 020 |
|
|
|a 9780521338134 (pbk.)
|
| 020 |
|
|
|a 0521328691
|
| 020 |
|
|
|z 0521328131 (pbk.)
|
| 040 |
|
|
|a DLC
|c DLC
|d DLC
|d BD-DhAAL.
|
| 082 |
0 |
0 |
|a 428/.0071/1
|2 20
|
| 999 |
|
|
|c 32897
|d 32897
|
| 999 |
|
|
|c 32897
|
| 100 |
1 |
|
|a Swales, John M.,
|d 1938-
|9 5528
|
| 245 |
1 |
0 |
|a Genre analysis :
|b English in academic and research settings /
|c John M. Swales.
|
| 260 |
|
|
|a Cambridge [England] ;
|a New York :
|b Cambridge University Press,
|c 1990 [13th printing 2008]
|
| 300 |
|
|
|a xi, 260 p. ;
|c 24 cm.
|
| 490 |
0 |
|
|a The Cambridge applied linguistics series
|
| 504 |
|
|
|a Includes bibliographical references (p. 235-254) and indexes.
|
| 541 |
|
|
|e 00028231
|
| 650 |
|
0 |
|a English language
|x Study and teaching (Higher)
|x Foreign speakers.
|9 4368
|
| 650 |
|
0 |
|a Interdisciplinary approach in education.
|9 5529
|
| 852 |
1 |
|
|a Ayesha Abed Library
|j General shelf.
|
| 942 |
|
|
|2 ddc
|c BK
|
| 952 |
|
|
|0 0
|1 0
|2 ddc
|4 0
|6 428_007110000000000_SWA
|7 0
|9 43458
|a BRACUL
|b BRACUL
|c GEN
|d 2014-08-24
|e Karim International
|g 4400.00
|l 2
|m 9
|o 428.00711 SWA
|p 3010028231
|r 2020-01-28
|s 2020-01-12
|t 1
|w 2014-08-24
|y BK
|